Normal view
MARC view
- Kornai, János
Entry Personal Name
001 - CONTROL NUMBER
- control field: 37317
003 - CONTROL NUMBER IDENTIFIER
- control field: NUST
005 - DATE AND TIME OF LATEST TRANSACTION
- control field: 20210314130242.0
008 - FIXED-LENGTH DATA ELEMENTS
- fixed length control field: 210314|| aca||aabn | a|a d
040 ## - CATALOGING SOURCE
- Original cataloging agency: NUST
- Transcribing agency: NUST
100 ## - HEADING--PERSONAL NAME
- Personal name: Kornai, János
670 ## - SOURCE DATA FOUND
- Source citation: Work cat.: (NUST): Kornai, János., Highway and byways :, c1995.
